000 00446nam a2200181Ia 4500
001 17849
005 20260306171547.0
008 260306s9999||||xx |||||||||||||| ||und||
041 _aESP
082 _a658.3
_bA43P
100 _aAlles, Martha Alicia
_eAUT
245 0 _aCuestiones sobre gestión de personas:
_bqué hacer para resolverlas
260 _c2015
300 _a
_c
650 _aGEN
654 _aCAN
942 _cLIB
_dJUS
_fJUS
_2ddc
_n
999 _c17849
_d17849